|
|
|
|
| LEADER |
01508nam a2200409Ia 4500 |
| 001 |
EBC3442117 |
| 003 |
MiAaPQ |
| 005 |
20200520144314.0 |
| 006 |
m o d | |
| 007 |
cr cn||||||||| |
| 008 |
080221s2008 pau sb 001 0 eng d |
| 010 |
|
|
|z 2008007933
|
| 020 |
|
|
|z 9780812209167
|
| 020 |
|
|
|z 9780812240849 (alk. paper)
|
| 020 |
|
|
|z 0812240847 (alk. paper)
|
| 035 |
|
|
|a (MiAaPQ)EBC3442117
|
| 035 |
|
|
|a (Au-PeEL)EBL3442117
|
| 035 |
|
|
|a (CaPaEBR)ebr10748506
|
| 035 |
|
|
|a (CaONFJC)MIL682484
|
| 035 |
|
|
|a (OCoLC)885180950
|
| 040 |
|
|
|a MiAaPQ
|c MiAaPQ
|d MiAaPQ
|
| 050 |
|
4 |
|a GV734.5
|b .S58 2008
|
| 082 |
0 |
4 |
|a 796.06/9
|2 22
|
| 100 |
1 |
|
|a Shropshire, Kenneth L.
|
| 245 |
1 |
4 |
|a The business of sports agents
|h [electronic resource] /
|c Kenneth L. Shropshire and Timothy Davis.
|
| 250 |
|
|
|a 2nd ed.
|
| 260 |
|
|
|a Philadelphia :
|b University of Pennsylvania Press,
|c c2008.
|
| 300 |
|
|
|a viii, 214 p.
|
| 504 |
|
|
|a Includes bibliographical references (p. [173]-202) and index.
|
| 533 |
|
|
|a Electronic reproduction. Ann Arbor, MI : ProQuest, 2015. Available via World Wide Web. Access may be limited to ProQuest affiliated libraries.
|
| 650 |
|
0 |
|a Sports agents
|z United States.
|
| 650 |
|
0 |
|a Sports
|x Corrupt practices
|z United States.
|
| 650 |
|
0 |
|a College sports
|z United States.
|
| 655 |
|
4 |
|a Electronic books.
|
| 700 |
1 |
|
|a Davis, Timothy,
|d 1954-
|
| 710 |
2 |
|
|a ProQuest (Firm)
|
| 856 |
4 |
0 |
|u https://ebookcentral.proquest.com/lib/matrademy/detail.action?docID=3442117
|z Click to View
|